000 01136nam2a22003371 4500
001 v19\rc\1968836
005 20251118181049.5
035 _a(NLR Aleph) 005051180
090 _a6896332
_c6896332
100 _a20080428d1914 u y0rusy50 ca
101 0 _arus
102 _aRU
105 _ay z |||||
200 1 _aВоенный флот
215 _a64 с.
461 0 _1001v19\rc\1968835
_12001#$aВооруженные силы иностранных государств$fЛ.Б. Вып. 1-6$vВып. 1
_96896326
_cМосква
_d1914
_fЛ.Б. Вып. 1-6
_nт-во "Печатня С.П. Яковлева"
_p6 т.
_tВооруженные силы иностранных государств
_vВып. 1
801 0 _aRU
_bNLR
_gpsbo
801 0 _aRU
_bRuMoRGB
_2psbo
801 1 _aRU
_bProSoft-M
_2rusmarc
852 _aNLR
_j128/1408(1)
852 _aNLR
_j37.80.4.22
899 _aБАН
899 _aГПИБ
899 _aНБ МГУ
899 _aRuMoRGB
_jT 1/776
899 _aRuMoRGB
_jW 18/861
899 _aRuMoRGB
_jΔ 9/230
899 _aRuMoRGB
_jS 9/651
899 _aRuMoRGB
_jJ 92/121
942 _cBOOK
980 _aNB